Geographie des atlantischen oceans / (Record no. 140001)
[ view plain ]
| 000 -LEADER | |
|---|---|
| campo de control de longitud fija | 00416nam a2200145 4500 |
| 001 - NÚMERO DE CONTROL | |
| campo de control | 140001 |
| 003 - IDENTIFICADOR DE NÚMERO DE CONTROL | |
| campo de control | ES-MaACL |
| 007 - CAMPO FIJO DE DESCRIPCIÓN FÍSICA--INFORMACIÓN GENERAL | |
| campo de control de longitud fija | t| |
| 008 - DATOS DE LONGITUD FIJA--INFORMACIÓN GENERAL | |
| campo de control de longitud fija | 070214s1912 gw r ||||1| ger d |
| 100 1# - ENTRADA PRINCIPAL--NOMBRE DE PERSONA | |
| Nombre de persona | Schott, Gerhard. |
| 9 (RLIN) | 104671 |
| 245 10 - MENCIÓN DEL TÍTULO | |
| Título | Geographie des atlantischen oceans / |
| Mención de responsabilidad, etc. | Gerhard Schott. |
| 260 ## - PUBLICACIÓN, DISTRIBUCIÓN, ETC. | |
| Lugar de publicación, distribución, etc. | Hamburgh : |
| Nombre del editor, distribuidor, etc. | C. Boysen, |
| Fecha de publicación, distribución, etc. | 1912. |
| 300 ## - DESCRIPCIÓN FÍSICA | |
| Extensión | XII, 330 p., 1 lám ; |
| Dimensiones | 28 cm + |
| Material acompañante/anejo | 29 map. |
| 852 ## - LOCALIZACIÓN | |
| Ubicación | ES-MaACL |
| Número de control de estantería | B-2954 |
| Estatus retirado | Estado de pérdida | Estado de daño | No para préstamo | Biblioteca de origen | Biblioteca actual | Ubicación en estantería | Fecha de adquisición | Fuente de adquisición | Total de préstamos | Signatura topográfica completa | Código de barras | Visto por última vez | Precio de reemplazo | Tipo de ítem Koha |
|---|---|---|---|---|---|---|---|---|---|---|---|---|---|---|
| Biblioteca del Ateneo de Madrid | Biblioteca del Ateneo de Madrid | Sala Pardo Bazán | 17/01/2008 | B-2954 | 1145689 | 23/02/2023 | 23/02/2023 | Libro impreso |
